000 007500000a22001810004500
003 MACL
005 20160331125129.0
008 160331b xxu||||| |||| 00| 0 eng d
040 _aMACL
_cMACL
041 _aHindi
082 _a300
100 _aप्रो मुकुट बिहारी लाल
_949215
245 _aइस्‍लाम और आधुनिक भारत
_bभारतीय मुस्लिम नेतृत्‍व के राजनीतिक धार्मिक एवं सांस्‍कृतिक विचार
260 _bविश्‍वविघालय प्रकाशन
_c2009
_aवाराणसी
350 _a120
650 _aSociology
_949216
942 _cHIN
_k300
_2ddc
999 _c21897
_d21897